00330pab a2200109 454500008004000000100002100040245009200061260000900153300001500162650001700177773002600194180718b2013 xxu||||| |||| 00| 0 eng d aScott-Smith, Tom aThe fetishism of humanitarian objects and the management of malnutrition in emergencies c2013 ap.913-928. aMalnutrition aThird World Quarterly